000 00884nam a22002777a 4500
001 0123
003 DO-SdBNP
005 20241009123944.0
007 0123
008 151005b1991 ag 00| 0 spa d
020 _a9501322025
040 _aBPMSU
_bspa
_cBPMSU
082 4 _a868.13
_bJ91c 1991
_222
092 _aXXXX
_bXXXX
100 1 _aJuan Manuel
_d1282-1348
_bInfante de Castilla
245 1 3 _aEl conde Lucanor :
_bselección /
_cDon Juan Manuel ; selección, estudio y notas de María Elba Foix
250 _32a. ed.
260 _aBuenos Aires, Argentina :
_bKapelusz,
_c1991.
300 _a222 p. ;
_c17 cm.
490 0 _aGrandes obras de la literatura universal,
_v54
590 _aInventariado, 2024/VM
650 4 _2Literatura española
_vColecciones de escritos
700 1 _aFoix, María Elba
_eselección
910 _aVMateo V. Control de calidad. BPMSU
942 _2ddc
_cBK
999 _c8694
_d8694